[Event "Bialystok-ch"]
[Site "Bialystok"]
[Date "2014.??.??"]
[Round "3"]
[White "Sychev, Dmitriy"]
[Black "Zoch, Tomasz"]
[Result "1/2-1/2"]
[WhiteElo "1677"]
[BlackElo "1805"]
[PlyCount "162"]
[EventDate "2014.11.08"]
[EventType "swiss"]
[EventRounds "7"]
[EventCountry "POL"]
[SourceTitle "CBM 163 Extra"]
[Source "ChessBase"]
[SourceDate "2014.12.23"]
[SourceVersion "1"]
[SourceVersionDate "2014.12.23"]
[SourceQuality "1"]

1. c4 Nf6 2. d4 g6 3. Nc3 Bg7 4. e4 d6 5. f3 0-0 6. Be3 Nc6 7. Nge2 a6 8. Qd2 Rb8 9. h4 h5 10. d5 Ne5 11. Nc1 c5 12. dxc6 bxc6 13. Nb3 Be6 14. Nd4 c5 15. Nxe6 fxe6 16. Rd1 Nfd7 17. Be2 Qa5 18. 0-0 Qb4 19. b3 Qxc3 20. Qxc3 Nxf3+ 21. Rxf3 Bxc3 22. Rg3 Kh7 23. Rh3 Bf6 24. g4 Ne5 25. gxh5 gxh5 26. Bxh5 Rh8 27. Kh1 Rbg8 28. Be2 Kg7 29. Rg1+ Kf7 30. h5 Rxg1+ 31. Kxg1 Ke8 32. Rg3 Kf7 33. h6 Rg8 34. Bh5+ Kf8 35. Kg2 Rxg3+ 36. Kxg3 Kg8 37. Bg4 Kf7 38. Bh5+ Kf8 39. Bg4 Nc6 40. Bxe6 Nb4 41. a4 Nc2 42. Bd2 Na1 43. b4 cxb4 44. Bxb4 Bg5 45. h7 Kg7 46. Kg4 Bf6 47. Bc8 Nc2 48. Bd2 a5 49. Bxa5 Ne3+ 50. Kf4 Nxc4 51. Bc7 Kxh7 52. a5 Kg6 53. a6 Be5+ 54. Kf3 Bd4 55. Bb8 Ne5+ 56. Ke2 Nc6 57. Bc7 Kf6 58. Bb7 Na7 59. Kd3 Bc5 60. Kc4 Ke6 61. Kb3 Kd7 62. Ba5 Nc6 63. Bc3 Kc7 64. Kc4 Kb6 65. Bd2 e6 66. Bc8 d5+ 67. exd5 exd5+ 68. Kxd5 Ne7+ 69. Kc4 Nxc8 70. Ba5+ Kc6 71. Bb4 Nb6+ 72. Kb3 Bf2 73. Ba5 Nd7 74. Bb4 Kb6 75. Ka4 Kxa6 76. Kb3 Kb5 77. Bc3 Nc5+ 78. Kc2 Kc4 79. Bg7 Be3 80. Bh8 Na6 81. Bg7 Nb4+ 1/2-1/2

[Event "Sokolka op 4th"]
[Site "Sokolka"]
[Date "2013.??.??"]
[Round "2"]
[White "Szczepaniec, Stanislaw"]
[Black "Zoch, Tomasz"]
[Result "1-0"]
[WhiteElo "1972"]
[BlackElo "1818"]
[PlyCount "66"]
[EventDate "2013.07.??"]
[EventType "swiss"]
[EventRounds "9"]
[EventCountry "POL"]
[SourceTitle "EXT 2015"]
[Source "ChessBase"]
[SourceDate "2014.11.20"]
[SourceVersion "1"]
[SourceVersionDate "2014.11.20"]
[SourceQuality "1"]

1. c4 Nf6 2. Nc3 g6 3. e4 d6 4. d4 Bg7 5. Be2 0-0 6. Bg5 c5 7. d5 h6 8. Be3 a6 9. Qd2 Kh7 10. h3 Nbd7 11. f4 Rb8 12. g4 b5 13. cxb5 axb5 14. Bf3 b4 15. Na4 Ba6 16. g5 Ng8 17. h4 h5 18. Rb1 Nb6 19. b3 e6 20. f5 exf5 21. exf5 gxf5 22. Bxh5 Ne7 23. Bf3 Qe8 24. Nh3 Ng6 25. h5 Nh4 26. g6+ Kh8 27. Be2 Qe4 28. Nf2 Nf3+ 29. Bxf3 Qxf3 30. h6 Rbe8 31. hxg7+ Kxg7 32. Rh3 Qg2 33. Qb2+ f6 1-0

[Event "Sokolka op 4th"]
[Site "Sokolka"]
[Date "2013.??.??"]
[Round "9"]
[White "Zoch, Tomasz"]
[Black "Kotarski, Bartosz"]
[Result "1-0"]
[WhiteElo "1818"]
[BlackElo "1480"]
[PlyCount "57"]
[EventDate "2013.07.??"]
[EventType "swiss"]
[EventRounds "9"]
[EventCountry "POL"]
[SourceTitle "EXT 2015"]
[Source "ChessBase"]
[SourceDate "2014.11.20"]
[SourceVersion "1"]
[SourceVersionDate "2014.11.20"]
[SourceQuality "1"]

1. e4 c5 2. Nf3 e6 3. d4 cxd4 4. Nxd4 Nf6 5. Nc3 d6 6. Be3 a6 7. f3 b5 8. Qd2 Bb7 9. g4 h6 10. 0-0-0 Nbd7 11. h4 Ne5 12. Rg1 Rc8 13. g5 hxg5 14. hxg5 Nfd7 15. g6 Qf6 16. gxf7+ Qxf7 17. f4 Nc4 18. Bxc4 Rxc4 19. f5 e5 20. Ne6 Nf6 21. Ng5 Qc7 22. Qd3 b4 23. Ne6 Qc8 24. Nxf8 Rxf8 25. Qxd6 Kf7 26. Rxg7+ Kxg7 27. Qe7+ Rf7 28. Rg1+ Kh8 29. Qxf7 1-0

[Event "Bialystok Zamenhof Memorial"]
[Site "Bialystok"]
[Date "2011.12.31"]
[Round "9"]
[White "Poswiatowski, Michal"]
[Black "Zoch, Tomasz"]
[Result "1-0"]
[WhiteElo "1942"]
[BlackElo "1839"]
[PlyCount "123"]
[EventDate "2011.12.27"]
[EventType "swiss"]
[EventRounds "9"]
[EventCountry "POL"]
[SourceTitle "CBM 146 Extra"]
[Source "ChessBase"]
[SourceDate "2012.02.29"]
[SourceVersion "1"]
[SourceVersionDate "2012.02.29"]
[SourceQuality "1"]

1. e4 d6 2. d4 g6 3. Be3 Nf6 4. f3 a6 5. Bc4 Bg7 6. a4 0-0 7. Ne2 Nc6 8. d5 Ne5 9. Bb3 c5 10. dxc6 bxc6 11. 0-0 Rb8 12. Na3 Nfd7 13. Nc3 Nb6 14. Qe2 c5 15. Rfd1 Nbd7 16. Rab1 Nc6 17. Nd5 Nd4 18. Bxd4 Bxd4+ 19. Kh1 Bg7 20. Nc4 Ne5 21. Nxe5 Bxe5 22. Bc4 e6 23. Ne3 Rb6 24. b3 Qh4 25. Nf1 h5 26. Qd2 Kg7 27. a5 Rc6 28. g3 Qf6 29. f4 Bd4 30. c3 Bxc3 31. e5 Bxe5 32. fxe5 Qxe5 33. Qb2 Qxb2 34. Rxb2 d5 35. Be2 Bb7 36. Bf3 f5 37. Kg2 Kf6 38. Ne3 Rc7 39. Re2 Rd8 40. Kf2 Rh7 41. h4 Rhd7 42. Red2 Ba8 43. Nc4 Bc6 44. Nb6 Rc7 45. Rc1 Bb7 46. Rdc2 e5 47. Rxc5 Rxc5 48. Rxc5 e4 49. Rc7 Ba8 50. Be2 d4 51. Bxa6 g5 52. hxg5+ Kxg5 53. Rc8 Rxc8 54. Bxc8 f4 55. gxf4+ Kxf4 56. Nxa8 h4 57. Bb7 h3 58. Nc7 e3+ 59. Ke1 h2 60. Nd5+ Kg3 61. Nf6 Kh3 62. a6 1-0

[Event "Bialystok Zamenhof Memorial"]
[Site "Bialystok"]
[Date "2011.12.30"]
[Round "7"]
[White "Mockun, Dawid"]
[Black "Zoch, Tomasz"]
[Result "0-1"]
[WhiteElo "1671"]
[BlackElo "1839"]
[PlyCount "141"]
[EventDate "2011.12.27"]
[EventType "swiss"]
[EventRounds "9"]
[EventCountry "POL"]
[SourceTitle "CBM 146 Extra"]
[Source "ChessBase"]
[SourceDate "2012.02.29"]
[SourceVersion "1"]
[SourceVersionDate "2012.02.29"]
[SourceQuality "1"]

1. d4 Nf6 2. Nf3 g6 3. c4 Bg7 4. Nc3 d6 5. Bg5 0-0 6. e3 h6 7. Bh4 Nbd7 8. Be2 c5 9. 0-0 a6 10. Qd2 Rb8 11. Rfd1 Qc7 12. Rac1 Re8 13. b3 Nf8 14. dxc5 Qxc5 15. Bxf6 Bxf6 16. Ne4 Qf5 17. Bd3 Qe6 18. Nd4 Bxd4 19. exd4 Kg7 20. Qb2 Kh7 21. d5 Qg4 22. f3 Qf4 23. Qe2 Bf5 24. g3 Qe5 25. Nf2 Qf6 26. b4 Nd7 27. c5 Ne5 28. Bxf5 Qxf5 29. f4 Nd7 30. c6 Nf6 31. Qc4 Rec8 32. a4 b5 33. axb5 axb5 34. Qd4 Ra8 35. Rd2 h5 36. Qd3 Qxd3 37. Rxd3 Kg7 38. Kg2 Ra4 39. Rd4 Ra2 40. Kf3 Kf8 41. h3 Ke8 42. Nd1 Rca8 43. Rd3 R2a3 44. Rcc3 Rxc3 45. Nxc3 Ra3 46. Ke2 Kd8 47. Nxb5 Rxd3 48. Kxd3 Nxd5 49. Kc4 Ne3+ 50. Kd3 Nf5 51. g4 hxg4 52. hxg4 Nh6 53. g5 Nf5 54. Nc3 Kc7 55. b5 e6 56. Kc4 Ne7 57. Kb4 Nf5 58. Ne2 Kb6 59. Nc3 Ne3 60. Na4+ Kc7 61. Ka5 Nd5 62. Ka6 e5 63. b6+ Nxb6 64. Nxb6 Kxc6 65. fxe5 dxe5 66. Nc4 Kd5 67. Kb5 e4 68. Ne3+ Kd4 69. Nf1 e3 70. Ng3 Kd3 71. Kc5 0-1

[Event "Bialystok Zamenhof Memorial"]
[Site "Bialystok"]
[Date "2011.12.27"]
[Round "2"]
[White "Olhovik, Andrei"]
[Black "Zoch, Tomasz"]
[Result "1-0"]
[WhiteElo "2219"]
[BlackElo "1839"]
[PlyCount "35"]
[EventDate "2011.12.27"]
[EventType "swiss"]
[EventRounds "9"]
[EventCountry "POL"]
[SourceTitle "CBM 146 Extra"]
[Source "ChessBase"]
[SourceDate "2012.02.29"]
[SourceVersion "1"]
[SourceVersionDate "2012.02.29"]
[SourceQuality "1"]

1. d4 Nf6 2. c4 g6 3. Nc3 Bg7 4. e4 d6 5. Nf3 0-0 6. h3 e5 7. d5 Nfd7 8. g4 f5 9. gxf5 gxf5 10. Bg5 Nf6 11. Rg1 Kh8 12. exf5 Bxf5 13. Nh4 Qc8 14. Qf3 Ng8 15. Ne4 Na6 16. Nxf5 Qxf5 17. Qg2 Nf6 18. Bd3 1-0

[Event "Miedzyrzec Podlaski op 2nd"]
[Site "Miedzyrzec Podlaski"]
[Date "2011.07.14"]
[Round "5"]
[White "Zoch, Tomasz"]
[Black "Gora, Antonina"]
[Result "1-0"]
[WhiteElo "1883"]
[BlackElo "1694"]
[PlyCount "67"]
[EventDate "2011.07.11"]
[EventType "swiss"]
[EventRounds "9"]
[EventCountry "POL"]
[SourceTitle "EXT 2012"]
[Source "ChessBase"]
[SourceDate "2011.11.24"]
[SourceVersion "1"]
[SourceVersionDate "2011.11.24"]
[SourceQuality "1"]

1. e4 c5 2. Nf3 d6 3. d4 cxd4 4. Nxd4 Nf6 5. Nc3 a6 6. Be3 e5 7. Nb3 Be6 8. f3 Be7 9. Qd2 Nbd7 10. g4 Nb6 11. g5 Nfd7 12. 0-0-0 Bc4 13. Na5 Bxf1 14. Rhxf1 Rb8 15. h4 Qc7 16. Nd5 Nxd5 17. Qxd5 b5 18. Nb3 a5 19. Kb1 Nc5 20. f4 Nxb3 21. fxe5 Qc4 22. axb3 Qxd5 23. Rxd5 dxe5 24. Rxe5 Rb7 25. Rf3 g6 26. Rf6 0-0 27. Ra6 Rd7 28. Rxa5 Bb4 29. Ra6 Rd1+ 30. Ka2 Rfd8 31. c3 Re1 32. Bd4 Bd6 33. Rd5 b4 34. Rdxd6 1-0

[Event "Bialystok Bieluczyk Memorial-B"]
[Site "Bialystok"]
[Date "2011.07.??"]
[Round "5"]
[White "Burakowska, Gabriela"]
[Black "Zoch, Tomasz"]
[Result "1-0"]
[WhiteElo "1560"]
[BlackElo "1839"]
[PlyCount "141"]
[EventDate "2011.07.??"]
[EventType "swiss"]
[EventRounds "9"]
[EventCountry "POL"]
[SourceTitle "EXT 2014"]
[Source "ChessBase"]
[SourceDate "2013.11.20"]
[SourceVersion "1"]
[SourceVersionDate "2013.11.20"]
[SourceQuality "1"]

1. d4 Nf6 2. Nf3 g6 3. Bf4 Bg7 4. e3 d6 5. Bd3 c5 6. c3 Qb6 7. Qc2 Nh5 8. Bg3 Nc6 9. 0-0 Bg4 10. Nbd2 Rc8 11. Nc4 Qd8 12. d5 Nxg3 13. hxg3 Nb8 14. a4 Nd7 15. a5 Bxf3 16. gxf3 h5 17. Kg2 Nf6 18. e4 Nd7 19. Rh1 Ne5 20. Nxe5 dxe5 21. Bb5+ Kf8 22. a6 b6 23. Bc6 Qd6 24. c4 Bh6 25. Rh3 Bg5 26. Rah1 Kg7 27. Qc3 Qf6 28. f4 exf4 29. e5 Qf5 30. gxf4 Bxf4 31. Bd7 Qe4+ 32. Qf3 Qxf3+ 33. Rxf3 Rcd8 34. Rxf4 Rxd7 35. Rh3 g5 36. Rf5 Kg6 37. Rhf3 Rh7 38. Kg3 Rd8 39. b3 Rg7 40. Kg2 h4 41. Kh3 Rf8 42. Kg4 Kh6 43. d6 e6 44. Rf6+ Kh7 45. Rxe6 Rb8 46. Re7 b5 47. Rb7 Re8 48. Rfxf7 Rxf7 49. Rxf7+ Kg6 50. Rf5 bxc4 51. Rxg5+ Kf7 52. bxc4 Rh8 53. Kh3 Ke6 54. f4 Rb8 55. Kxh4 Rb4 56. Rg6+ Kd7 57. Rg7+ Ke6 58. Re7+ Kf5 59. d7 Rxc4 60. d8Q Rxf4+ 61. Kh3 Rf3+ 62. Kg2 Ra3 63. Qf8+ Ke4 64. Rxa7 Ra2+ 65. Kg3 Kxe5 66. Qxc5+ Ke4 67. Re7+ Kd3 68. Qd5+ Kc3 69. Rc7+ Kb2 70. Qb5+ Ka3 71. Rc3# 1-0

[Event "Bialystok qual"]
[Site "Bialystok"]
[Date "2009.11.07"]
[Round "4"]
[White "Bobras, Jan"]
[Black "Zoch, Tomasz"]
[Result "0-1"]
[WhiteElo "1753"]
[BlackElo "1884"]
[PlyCount "136"]
[EventDate "2009.11.07"]
[EventType "swiss"]
[EventRounds "9"]
[EventCountry "POL"]
[SourceTitle "EXT 2012"]
[Source "ChessBase"]
[SourceDate "2011.11.24"]
[SourceVersion "1"]
[SourceVersionDate "2011.11.24"]
[SourceQuality "1"]

1. e4 d6 2. d4 Nf6 3. Nc3 g6 4. Nf3 Bg7 5. Bb5+ c6 6. Bc4 0-0 7. e5 dxe5 8. dxe5 Qxd1+ 9. Nxd1 Ng4 10. Bf4 h5 11. h3 Nh6 12. 0-0 b5 13. Bb3 a5 14. a4 b4 15. Ne3 Na6 16. Bc4 Nf5 17. Nxf5 Bxf5 18. Nd4 Be4 19. b3 c5 20. Ne2 Nc7 21. Rac1 Bd5 22. Bd3 Ne6 23. Bg3 Rfd8 24. f4 Bh6 25. Rcd1 Ng7 26. Bh4 Kf8 27. g4 hxg4 28. hxg4 Ne6 29. f5 gxf5 30. gxf5 Ng5 31. Bxg5 Bxg5 32. Nf4 Bc6 33. Nh3 Be3+ 34. Kh2 Rd4 35. Rde1 Bh6 36. Rg1 Rad8 37. Kg3 Ke8 38. Nf2 Bf4+ 39. Kh3 Kd7 40. e6+ fxe6 41. fxe6+ Kc7 42. Ne4 Rh8+ 43. Kg4 Bd2 44. Kf5 Rf8+ 45. Kg6 Bxe1 46. Rxe1 Bxe4+ 47. Bxe4 Rf6+ 48. Kg5 Rxe6 49. Kf5 Kd6 50. Re2 Re5+ 51. Kf4 Ke6 52. Kf3 Kf6 53. Kf4 c4 54. Kf3 cxb3 55. cxb3 Rdxe4 56. Rxe4 Rxe4 57. Kxe4 e5 58. Ke3 Kf5 59. Kf3 e4+ 60. Ke3 Ke5 61. Ke2 Kd4 62. Kd2 e3+ 63. Ke2 Kc3 64. Kxe3 Kxb3 65. Kd2 Kxa4 66. Kc2 Ka3 67. Kb1 Kb3 68. Ka1 Kc2 0-1

[Event "Bialystok qual"]
[Site "Bialystok"]
[Date "2009.11.07"]
[Round "3"]
[White "Zoch, Tomasz"]
[Black "Smolarczyk, Tomasz"]
[Result "1-0"]
[WhiteElo "1884"]
[BlackElo "1609"]
[PlyCount "137"]
[EventDate "2009.11.07"]
[EventType "swiss"]
[EventRounds "9"]
[EventCountry "POL"]
[SourceTitle "EXT 2012"]
[Source "ChessBase"]
[SourceDate "2011.11.24"]
[SourceVersion "1"]
[SourceVersionDate "2011.11.24"]
[SourceQuality "1"]

1. e4 e5 2. Nf3 Nc6 3. Bb5 a6 4. Bxc6 dxc6 5. 0-0 Qd6 6. d4 exd4 7. Qxd4 Qxd4 8. Nxd4 Nf6 9. Nd2 Bc5 10. N4b3 Bd6 11. f4 Be7 12. Re1 0-0 13. Nf3 Nd7 14. Be3 Re8 15. Rad1 f6 16. Nfd2 a5 17. h3 a4 18. Nc1 a3 19. b3 Bb4 20. Nd3 Bc3 21. Re2 Ra5 22. Nb1 Bb2 23. Bd2 Ra6 24. c3 c5 25. Be1 Rae6 26. Nf2 b6 27. Bd2 Nb8 28. Rde1 Bb7 29. g4 b5 30. Kg2 Na6 31. Kf3 b4 32. Nd3 g6 33. f5 Rd6 34. Nxb2 axb2 35. Re3 Re5 36. Kf4 g5+ 37. Kf3 h5 38. R1e2 Rd8 39. Re1 Rd6 40. Rg1 Rd8 41. Rh1 Rde8 42. Rhe1 Rd8 43. R1e2 Rd7 44. a3 bxa3 45. Nxa3 Re8 46. c4 Nb4 47. Bc3 Nc2 48. Rxc2 Bxe4+ 49. Rxe4 Rd3+ 50. Ke2 Rxc3 51. Rxc3 Rxe4+ 52. Kd3 Rf4 53. Kc2 hxg4 54. hxg4 Rxg4 55. Rf3 Rg2+ 56. Kb1 g4 57. Rf1 g3 58. Nc2 Rf2 59. Rxf2 gxf2 60. Ne3 Kg7 61. Kxb2 Kh6 62. Kc2 Kg5 63. Kd3 Kf4 64. Ke2 Ke4 65. Kxf2 c6 66. Ke2 Kd4 67. Kf3 Kc3 68. Ke4 Kxb3 69. Kd3 1-0

[Event "Chojnice op-B 4th"]
[Site "Chojnice"]
[Date "2008.07.17"]
[Round "8"]
[White "Zoch, Tomasz"]
[Black "Wojcicki, Mateusz"]
[Result "0-1"]
[WhiteElo "1897"]
[BlackElo "1878"]
[PlyCount "130"]
[EventDate "2008.07.12"]
[EventType "swiss"]
[EventRounds "9"]
[EventCountry "POL"]
[SourceTitle "EXT 2018"]
[Source "ChessBase"]
[SourceDate "2017.10.13"]
[SourceVersion "1"]
[SourceVersionDate "2017.10.13"]
[SourceQuality "1"]

1. e4 c6 2. d4 d5 3. exd5 cxd5 4. c4 dxc4 5. Bxc4 e6 6. Nc3 Nf6 7. Nf3 Nc6 8. 0-0 Be7 9. Re1 0-0 10. a3 a6 11. b4 b5 12. Ba2 Bb7 13. Bb2 Qc7 14. Qe2 Rad8 15. Rac1 Rfe8 16. Ne4 Qf4 17. Nc5 Bxc5 18. dxc5 Rd7 19. Rcd1 Red8 20. Rxd7 Rxd7 21. Rd1 Rxd1+ 22. Qxd1 h6 23. h3 Qf5 24. Bb1 Qd5 25. Qxd5 Nxd5 26. Be4 Nde7 27. Be5 Nd8 28. Bc2 f6 29. Bd6 Nec6 30. Bg6 Nf7 31. Bc7 Ne7 32. Bc2 Nc6 33. Bb3 Nfd8 34. Nd2 Bc8 35. Ne4 Nf7 36. f4 Nd4 37. Bd1 Bb7 38. Nc3 Bc6 39. Kf2 Bd7 40. a4 bxa4 41. Nxa4 Nc6 42. Ba5 Nxa5 43. bxa5 Nd8 44. Nb6 Bb5 45. Be2 Bxe2 46. Kxe2 Nc6 47. Na8 Kf7 48. Nc7 Nb8 49. Kd3 Ke7 50. Kc4 Kd7 51. Nxa6 Nxa6 52. Kb5 Nb8 53. Kb6 e5 54. Kb7 Nc6 55. a6 e4 56. a7 Nxa7 57. Kxa7 Kc6 58. g4 e3 59. h4 e2 60. g5 hxg5 61. fxg5 e1Q 62. gxf6 gxf6 63. h5 Qe7+ 64. Ka6 Qb7+ 65. Ka5 Qb5# 0-1

[Event "Chojnice op-B 4th"]
[Site "Chojnice"]
[Date "2008.07.16"]
[Round "7"]
[White "Lewandowski, Michal"]
[Black "Zoch, Tomasz"]
[Result "0-1"]
[WhiteElo "1644"]
[BlackElo "1897"]
[PlyCount "57"]
[EventDate "2008.07.12"]
[EventType "swiss"]
[EventRounds "9"]
[EventCountry "POL"]
[SourceTitle "EXT 2018"]
[Source "ChessBase"]
[SourceDate "2017.10.13"]
[SourceVersion "1"]
[SourceVersionDate "2017.10.13"]
[SourceQuality "1"]

1. d4 Nf6 2. c4 g6 3. Nc3 Bg7 4. e4 0-0 5. e5 Ne8 6. f4 d6 7. Nf3 c5 8. d5 Bg4 9. Qe2 Qc7 10. Nb5 Qb6 11. a4 a6 12. a5 Qd8 13. Nc3 Qc7 14. e6 fxe6 15. h3 Bxf3 16. Qxe6+ Kh8 17. gxf3 Rf6 18. Qe4 Bh6 19. h4 Ng7 20. h5 gxh5 21. Bd3 Rg6 22. Kf2 Qd8 23. Rg1 Qe8 24. Rxg6 Qxg6 25. Qxg6 hxg6 26. Bxg6 Nd7 27. f5 Bxc1 28. Rxc1 Ne5 29. b3 0-1

[Event "Chojnice op-B 4th"]
[Site "Chojnice"]
[Date "2008.07.14"]
[Round "4"]
[White "Nawrocki, Przemyslaw"]
[Black "Zoch, Tomasz"]
[Result "1-0"]
[WhiteElo "1997"]
[BlackElo "1897"]
[PlyCount "83"]
[EventDate "2008.07.12"]
[EventType "swiss"]
[EventRounds "9"]
[EventCountry "POL"]
[SourceTitle "EXT 2018"]
[Source "ChessBase"]
[SourceDate "2017.10.13"]
[SourceVersion "1"]
[SourceVersionDate "2017.10.13"]
[SourceQuality "1"]

1. d4 Nf6 2. c4 g6 3. Nc3 Bg7 4. e4 0-0 5. Be2 d6 6. Nf3 e5 7. 0-0 Nc6 8. d5 Ne7 9. b4 Ne8 10. Re1 f5 11. Ba3 a5 12. c5 axb4 13. Bxb4 Nf6 14. cxd6 cxd6 15. Ng5 fxe4 16. Ne6 Bxe6 17. dxe6 Nf5 18. Bc4 Kh8 19. Nxe4 Nxe4 20. Rxe4 Nd4 21. e7 Qxe7 22. Qxd4 exd4 23. Rxe7 d3 24. Rd1 Rf4 25. Rxg7 Kxg7 26. Bc3+ Kf8 27. Bb3 Rc8 28. Rxd3 b5 29. g3 Re4 30. Bd2 Ke7 31. Kg2 Rf8 32. Bf4 Rfxf4 33. gxf4 Rxf4 34. Kg3 Rf5 35. Rd5 Rf8 36. Rxb5 h6 37. a4 Kd7 38. Bd5 Rf5 39. f4 g5 40. Bc6+ Ke6 41. Bd7+ Kxd7 42. Rxf5 1-0

[Event "Bialystok Zamenhof Memorial-A"]
[Site "Bialystok"]
[Date "2007.12.30"]
[Round "7.8"]
[White "Chilkiewicz, Marek"]
[Black "Zoch, Tomasz"]
[Result "1-0"]
[WhiteElo "1850"]
[BlackElo "1915"]
[PlyCount "111"]
[EventDate "2007.12.27"]
[EventType "swiss"]
[EventRounds "9"]
[EventCountry "POL"]
[SourceTitle "EXT 2023"]
[Source "ChessBase"]
[SourceDate "2022.10.05"]
[SourceVersion "1"]
[SourceVersionDate "2022.10.05"]
[SourceQuality "1"]

1. Nf3 Nf6 2. g3 g6 3. Bg2 Bg7 4. 0-0 0-0 5. d3 c5 6. Nc3 d5 7. e4 d4 8. Ne2 Nc6 9. h3 e5 10. Nh2 Bd7 11. f4 exf4 12. Nxf4 Qc8 13. Nf3 h6 14. g4 g5 15. Ne2 Qc7 16. a3 a5 17. Qe1 Ne8 18. Ng3 Ne5 19. Nf5 Bxf5 20. exf5 Nxf3+ 21. Bxf3 Be5 22. Kg2 Kg7 23. h4 f6 24. Rb1 Nd6 25. hxg5 hxg5 26. Bxg5 Rae8 27. Bd2 Rh8 28. Rh1 Rxh1 29. Kxh1 Bf4 30. Bxf4 Rxe1+ 31. Rxe1 Qd7 32. Re6 Nf7 33. Rb6 Nd6 34. Rxd6 Qe7 35. Kg2 Kg8 36. Bd5+ Kh7 37. Be4 Kh8 38. g5 fxg5 39. Rh6+ Kg8 40. Rg6+ Kh8 41. Bxg5 Qe8 42. Bf6+ Kh7 43. Bd8 Qxd8 44. f6 Kh8 45. f7 b6 46. Rg8+ Qxg8+ 47. fxg8Q+ Kxg8 48. Kf3 Kf7 49. Kf4 Ke6 50. Bf5+ Kd6 51. Ke4 b5 52. Bh7 b4 53. a4 Kc6 54. Ke5 c4 55. dxc4 Kc5 56. b3 1-0

[Event "Bialystok Zamenhof Memorial-A"]
[Site "Bialystok"]
[Date "2007.12.28"]
[Round "3.5"]
[White "Jablonski, Zenon"]
[Black "Zoch, Tomasz"]
[Result "0-1"]
[WhiteElo "2153"]
[BlackElo "1915"]
[PlyCount "120"]
[EventDate "2007.12.27"]
[EventType "swiss"]
[EventRounds "9"]
[EventCountry "POL"]
[SourceTitle "EXT 2023"]
[Source "ChessBase"]
[SourceDate "2022.10.05"]
[SourceVersion "1"]
[SourceVersionDate "2022.10.05"]
[SourceQuality "1"]

1. d4 Nf6 2. c4 g6 3. Nc3 Bg7 4. e4 0-0 5. Nf3 d6 6. Be2 e5 7. 0-0 Nc6 8. d5 Ne7 9. Ne1 Nd7 10. g4 f5 11. f3 f4 12. h4 a5 13. Ng2 Kh8 14. Bd2 Ng8 15. Be1 Bf6 16. a3 Nc5 17. Bf2 Bd7 18. b3 Rf7 19. Qc2 Be7 20. Bd1 b6 21. Ra2 Nf6 22. b4 axb4 23. axb4 Rxa2 24. Nxa2 Nb7 25. Nc3 Qg8 26. Qa2 Rf8 27. Qa7 Rb8 28. Be2 Qc8 29. Ra1 Be8 30. Qa2 Nd8 31. Qa6 Kg7 32. Nb5 Qxa6 33. Rxa6 Bxb5 34. cxb5 h6 35. g5 hxg5 36. hxg5 Ne8 37. Ne1 Bxg5 38. Bf1 Nf7 39. Bh3 Bd8 40. Ra7 Nf6 41. Bh4 g5 42. Bf2 Kg6 43. Bf5+ Kh5 44. Be6 Nh6 45. Kg2 g4 46. Nd3 gxf3+ 47. Kxf3 Nhg4 48. Bg1 Kh4 49. Nf2 Nxf2 50. Bxf2+ Kg5 51. Ra1 Nh7 52. Rh1 Nf8 53. Rh8 Ng6 54. Rg8 Kh6 55. Kg4 Ra8 56. Bf5 Ne7 57. Re8 Ra2 58. Bh4 Nxf5 59. Bxd8 Nd4 60. Bxc7 Rg2+ 0-1

[Event "Bialystok Autumn op-A"]
[Site "Bialystok"]
[Date "2007.11.25"]
[Round "8.5"]
[White "Zoch, Tomasz"]
[Black "Chilkiewicz, Marek"]
[Result "1-0"]
[WhiteElo "1915"]
[BlackElo "1850"]
[PlyCount "49"]
[EventDate "2007.11.10"]
[EventType "swiss"]
[EventRounds "9"]
[EventCountry "POL"]
[SourceTitle "EXT 2023"]
[Source "ChessBase"]
[SourceDate "2022.10.05"]
[SourceVersion "1"]
[SourceVersionDate "2022.10.05"]
[SourceQuality "1"]

1. e4 d6 2. d4 Nf6 3. Nc3 g6 4. f3 Bg7 5. Be3 0-0 6. Qd2 e5 7. d5 a5 8. g4 h5 9. h3 Nh7 10. 0-0-0 Qh4 11. gxh5 gxh5 12. Kb1 f5 13. Bf2 Qg5 14. Qe1 Nf6 15. h4 Qg6 16. Nh3 fxe4 17. Rg1 Qe8 18. fxe4 Ng4 19. Be3 Rf6 20. Bc1 Na6 21. Ng5 Rf8 22. Rd3 Nc5 23. Rf3 Rxf3 24. Nxf3 c6 25. Ng5 1-0